Peterhead sees biggest property price gains in the UK over last decade (Record no. 83523)

MARC details
000 -LEADER
fixed length control field 01006cab a22002055a 4500
001 - CONTROL NUMBER
control field E154189
008 - FIXED-LENGTH DATA ELEMENTS--GENERAL INFORMATION
fixed length control field 111025e20111025xxk 000 0 eng u
035 ## - SYSTEM CONTROL NUMBER
System control number (Sirsi) u154189
041 0# - LANGUAGE CODE
Language code of text/sound track or separate title eng
110 2# - MAIN ENTRY--CORPORATE NAME
Corporate name or jurisdiction name as entry element Bank of Scotland
9 (RLIN) 5792
245 00 - TITLE STATEMENT
Title Peterhead sees biggest property price gains in the UK over last decade
Medium [electronic resource]
260 ## - PUBLICATION, DISTRIBUTION, ETC.
Date of publication, distribution, etc. 2011
490 ## - SERIES STATEMENT
Series statement Bank of Scotland Press Release
Volume/sequential designation 25 October 2011
520 ## - SUMMARY, ETC.
Summary, etc. Research by the Bank of Scotland suggests that the top four towns with the biggest increase in property values per sqm over the last ten years are in Scotland. Peterhead is the town where sqm values have increased the most over the last decade, with a 160% rise.
590 ## - LOCAL NOTE (RLIN)
Local note KA
651 #4 - SUBJECT ADDED ENTRY--GEOGRAPHIC NAME
Geographic name Scotland
Chronological subdivision 1999-
690 ## - LOCAL SUBJECT ADDED ENTRY--TOPICAL TERM (OCLC, RLIN)
Topical term or geographic name as entry element PROPERTY-RESIDENTIAL PROPERTY-RESIDENTIAL PROPERTY MARKET
856 40 - ELECTRONIC LOCATION AND ACCESS
Uniform Resource Identifier <a href="https://www.lloydsbankinggroup.com/media/pdfs/bos/2011/251011Scotland_SquareMetre.pdf">https://www.lloydsbankinggroup.com/media/pdfs/bos/2011/251011Scotland_SquareMetre.pdf</a>
Public note View the news release free of charge at www.lloydsbankinggroup.com
942 ## - ADDED ENTRY ELEMENTS (KOHA)
Suppress in OPAC 0
Holdings
Withdrawn status Lost status Source of classification or shelving scheme Damaged status Not for loan Home library Current library Shelving location Date acquired Total Checkouts Full call number Barcode Date last seen Copy number Price effective from Koha item type
    Dewey Decimal Classification     Virtual Virtual Online 25/10/2011   ONLINE PUBLICATION 154189-1001 06/08/2019 1 06/08/2019 Book